[Event "Box Hill op"]
[Site "Box Hill"]
[Date "2019.10.18"]
[Round "1"]
[White "Mehta, Malhaar Bipin"]
[Black "Lin, Emily"]
[Result "0-1"]
[WhiteElo "958"]
[BlackElo "1608"]
[PlyCount "82"]
[EventDate "2019.10.18"]
[EventType "swiss"]
[EventRounds "9"]
[EventCountry "AUS"]
[SourceTitle "EXT 2021"]
[Source "ChessBase"]
[SourceDate "2020.10.23"]
[SourceVersion "1"]
[SourceVersionDate "2020.10.23"]
[SourceQuality "1"]

1. e4 c5 2. Nf3 d6 3. d4 cxd4 4. Nxd4 Nf6 5. Nc3 a6 6. Bg5 e5 7. Nf3 Be6 8. Be2 Be7 9. 0-0 0-0 10. Qd2 Nbd7 11. Rad1 Qc7 12. Rfe1 Rfd8 13. h3 Rac8 14. Bd3 Nc5 15. b4 Nxd3 16. Nd5 Bxd5 17. Re3 Nb2 18. exd5 Nxd1 19. Qxd1 Qxc2 20. Qxc2 Rxc2 21. a3 Nxd5 22. Bxe7 Nxe7 23. Ne1 Rc1 24. Kh2 Nf5 25. Re2 Nd4 26. Re3 f5 27. Nd3 Rc3 28. Nb2 Rxe3 29. fxe3 Nc2 30. Nd1 d5 31. Kg1 d4 32. exd4 Rxd4 33. Nf2 e4 34. Nh1 Rd1+ 35. Kh2 Rxh1+ 36. Kxh1 e3 37. Kg1 e2 38. Kh2 e1Q 39. b5 Ne3 40. h4 Qf2 41. h5 Qxg2# 0-1